KOHA-Header-6

Pakistan in the Twentieth Century (Record no. 7658)

000 -LEADER
fixed length control field 00242nam a2200109Ia 4500
020 ## - INTERNATIONAL STANDARD BOOK NUMBER
ISBN 0-19-579276-9
100 ## - MAIN ENTRY--AUTHOR NAME
Personal name Lawrence Ziring
245 #0 - TITLE STATEMENT
Title Pakistan in the Twentieth Century
260 ## - PUBLICATION, DISTRIBUTION, ETC. (IMPRINT)
Place of publication USA
Name of publisher Education
Year of publication 2001
300 ## - PHYSICAL DESCRIPTION
Number of Pages 648
942 ## - ADDED ENTRY ELEMENTS (KOHA)
Koha item type Books
Holdings
Withdrawn status Lost status Collection code Permanent Location Current Location Shelving location Date acquired Full call number Accession Number Koha item type
    English Literature MAJU MAJU Shelf No.A13 2019-09-12 320.1154 1649 English Literature

Powered by Koha